000 00541 a2200181 4500
003 OSt
005 20250708120342.0
008 250531b |||||||| |||| 00| 0 eng d
020 _a9789355322203
040 _coclc
082 _a658.15
_bCHA/F
100 _a Chandra, Prasanna
_91069
245 _aFinancial management :
_bTheory & practice /
_cPrasanna Chandra
250 _a11th edition
260 _aChennai:
_bMcGraw Hill,
_c2023.
300 _avarious pagings
942 _2ddc
_cBK
_h658.15
_iCHA/F
_k658.15
_mCHA/F
999 _c44513
_d44513